00639 2200277 4500001002100000005001500021035002000036008004100056245003000097100001300127250000600140260003200146300002900178020002200207084001400229082000800243650001400251990001200265990001200277990001200289990001200301990001200313990001200325990001200337990001200349INLIS00000000000002620240430025523 a0010-0424000002240430 0 ind 1 aPAI Kelas XII /cMustahdi aMustahdi a1 aJakarta :bKEMDIKBUD,c2017 a210 hlm ;c17 cm x 25 cm a978-602-427-049-0 a2X0 MUS p a2X0 4aNon Fiksi a0737551 a0737552 a0737553 a0737554 a0737555 a0737556 a0737557 a0737558